000 00522nam a2200205 4500
003 OSt
005 20260601170958.0
008 260506b1974\\\\|||a||||\||||\00|\0\ita\d
020 _a9788858128787
040 _aICI
_bspa
_cICI
050 _aNC997
_b.D47
100 1 _aBruno Munari
_930913
245 1 _aDesign e comunicazione visiva
264 _bEditori Laterza
_c1974
300 _a368 páginas
336 _atexto
_2rdacontent
337 _asin medio
_2rdamedia
338 _avolumen
_2rdacarrier
942 _2ddc
_cB
_n1
999 _c19928
_d19928